Countries Made up of the Most Common Letters - Statistics

General Stats
  • This quiz has been taken 12 times
  • The average score is 4 of 20
Answer Stats
% Country % Correct
7.86 United States
63%
8.81 Eritrea
38%
7.44 Ethiopia
38%
7.41 Federated States of Micronesia
38%
7.40 Argentina
25%
7.59 East Timor
25%
8.21 Estonia
25%
8.15 Greece
25%
7.48 Haiti
25%
7.43 Eswatini
13%
7.38 Indonesia
13%
7.92 Liechtenstein
13%
8.16 Sierra Leone
13%
7.52 Sweden
13%
7.37 Israel
0%
7.60 Lesotho
0%
7.33 Montenegro
0%
7.53 Netherlands
0%
7.62 Palestine
0%
7.51 Senegal
0%
No matching quizzes found
Score Distribution
Percent of People with Each Score
Percentile by Number Answered
Your Score History
You have not taken this quiz